| 000 | 00475nam a2200169Ia 4500 | ||
|---|---|---|---|
| 999 |
_c37393 _d37393 |
||
| 003 | OSt | ||
| 005 | 20200929130533.0 | ||
| 008 | 190216s9999||||xx |||||||||||||| ||und|| | ||
| 040 | _coclc | ||
| 082 |
_a591.1 _bSCH/A |
||
| 100 |
_aScheer, Bradley T _95149 |
||
| 245 | 0 |
_aAnimal Physiology / _cBradley T Scheer |
|
| 260 |
_bJohn Wiley & Sons, _c1963. _aNew York: |
||
| 300 | _a409p | ||
| 650 | _aZoology | ||
| 942 |
_cBK _2ddc _h591.1 _iSCH/A _k591.1 _mSCH/A |
||